000 00500nam a2200205Ia 4500
003 OSt
005 20140312081610.0
008 140130s9999 xx 000 0 und d
020 _a0590528351
050 _aGV 939
_b.Es74A3 1995
100 _aEsiason, Boomer
245 _aA boy named boomer /
_cBoomer Esiason.
260 _bScholastic,
_c1995.
_aNew York :
300 _a40 p. :
_bcol. ill. ;
_c24 cm.
440 _v1
521 _aG2
526 _c430
942 _cBK
_2lcc
999 _c42067
_d42067